Bài tập đại số 10

Uloženo v:
Podrobná bibliografie
Médium: Kniha
Jazyk:Undetermined
Vydáno: Hà Nội Giáo Dục 2006
Témata:
Tagy: Přidat tag
Žádné tagy, Buďte první, kdo otaguje tento záznam!
Thư viện lưu trữ: Trung tâm Học liệu Trường Đại học Cần Thơ
LEADER 00552nam a2200193Ia 4500
001 CTU_116123
008 210402s9999 xx 000 0 und d
020 |c 8800 
082 |a 512.0076 
082 |b B103/L10 
245 0 |a Bài tập đại số 10 
245 0 |c Vũ Tuấn ... [et al.] 
260 |a Hà Nội 
260 |b Giáo Dục 
260 |c 2006 
650 |a Algebra 
650 |x study and teaching 
904 |i Tuyến sửa số 512.00712 thành 512.0076 
980 |a Trung tâm Học liệu Trường Đại học Cần Thơ